000 00762 a2200181 4500
003 Nust
005 20170207152924.0
040 _cNust
082 _a621.38132
100 _aSaeed, Manzar
245 _aElectronic devices and circuits
_cManzar Saeed
260 _aLahore
_bA-One
_c2002
300 _axiii, 412 p.
490 _v1
505 _aPhysics of Semiconductors (Page-1) Diode Characteristics (Page-47) Application of Diodes (Page-75) Power Supplies (Page-123) Special Diodes (Page-163) Physics of BJTs (Page-205) Biasing Techniques of BJTs (Page-231) Characteristics of BJTs (Page-271) Physics of Field Effect Transistors (Page-315) Biasing Techniques of Fets (Page-347)
538 _aAlmirah No.130 Shelf No.2
650 _aElectronic devices and circuits
942 _2ddc
_cBK
999 _c178067
_d178067